| 000 | 01176cam a22003132 4500 | ||
|---|---|---|---|
| 001 | 0000021486 | ||
| 005 | 20151217145939.0 | ||
| 008 | 120613s xx 000 0 eng d | ||
| 020 | _a0199603794 : | ||
| 040 |
_aKABU _cKABU |
||
| 100 | 1 |
_aGray, Kevin. _@0000178761 |
|
| 245 | 1 | 0 |
_aLand law / _cKevin Gray, Susan Francis Gray. |
| 250 | _a7th ed. | ||
| 260 |
_aOxford : _bO. U. P., _c2011. |
||
| 300 | _alxxiii, 618 p. | ||
| 650 | 0 |
_aReal property _zEngland. _@0000160401 |
|
| 650 | 0 |
_aLand tenure _xLaw and legislation. _zEngland. _@0000178762 |
|
| 650 | 0 |
_aReal property _zWales. _@0000178763 |
|
| 650 | 0 |
_aLand tenure. _xLaw and legislation. _zWales. _@0000178764 |
|
| 700 | 1 |
_aGray, Susan Francis. _@0000178765 |
|
| 852 | 1 | _9p3370 KES | |
| 852 | 1 | _9p3370 KES | |
| 852 | 1 | _9p3370 KES | |
| 852 | 1 | _9p5655 KES | |
| 852 | 1 | _9p5655 KES | |
| 852 | 1 | _9p5655 KES | |
| 908 | _a120613 | ||
| 950 | _@1 | ||
| 999 |
_c4336 _d4336 |
||